Mesa socio política

Bewaard in:
Bibliografische gegevens
Coauteur: Instituto de Cooperación Iberoamericana
Formaat: Texto
Gepubliceerd in: Madrid: Huertas
Tags: Voeg label toe
Geen labels, Wees de eerste die dit record labelt!

MARC

LEADER 00000 a a2200000 04500
001 25441
003
040
090 |a 152503  
110 |a Instituto de Cooperación Iberoamericana  
245 |a Mesa socio política  
260 |a Madrid:   |b Huertas  
300 |a 516 p.   |b il.  
999 |c 10997  |d 10997